Score 0/15 Timer 04:00
9 Plays Today
% Correct
Azerbaijan
79.9%
Spain
76.3%
Kyrgyzstan
75.1%
Cyprus
73.9%
Albania
70.8%
Syria
67.9%
Uzbekistan
67.7%
Slovakia
66.8%
% Correct
Algeria
66.8%
Slovenia
66.8%
Uganda
66.8%
Myanmar
60.7%
Czechia
52.7%
Egypt
51.7%
El Salvador
48.1%
Remove Ads.
Support Sporcle.
Get the best of Sporcle when you Go Orange. This ad-free experience offers more features, more stats, and more fun while also helping to support Sporcle. Thank you for becoming a member.

You're not logged in!

Compare scores with friends on all Sporcle quizzes.
OR
Log In

Sporcle TV

Today on Sporcle TV


Watch our educational content, quiz creation guides, and fun videos on Sporcle TV.

Show Comments

Extras

Top Quizzes Today


Score Distribution

Paid Content

Your Account Isn't Verified!

In order to create a playlist on Sporcle, you need to verify the email address you used during registration. Go to your Sporcle Settings to finish the process.

Report this User

Report this user for behavior that violates our Community Guidelines.

Details: